Importances of the past (Record no. 191927)

MARC details
000 -LEADER
fixed length control field 00649nam a2200229Ia 4500
003 - CONTROL NUMBER IDENTIFIER
control field OSt
005 - DATE AND TIME OF LATEST TRANSACTION
control field 20220918191905.0
008 - FIXED-LENGTH DATA ELEMENTS--GENERAL INFORMATION
fixed length control field 220917b |||||||| |||| 00| 0 eng d
037 ## - SOURCE OF ACQUISITION
Terms of availability Textual
040 ## - CATALOGING SOURCE
Original cataloging agency ARTS
Transcribing agency ARTS
Language of cataloging eng
041 ## - LANGUAGE CODE
Source of code eng
Language code of text/sound track or separate title eng
100 ## - MAIN ENTRY--PERSONAL NAME
Personal name Allan George
9 (RLIN) 77543
245 #0 - TITLE STATEMENT
Title Importances of the past
Remainder of title ameditation on the authority of tradition
260 ## - PUBLICATION, DISTRIBUTION, ETC.
Place of publication, distribution, etc. Albany
Name of publisher, distributor, etc. State univ of New York Press
Date of publication, distribution, etc. 1986
490 ## - SERIES STATEMENT
Series statement Suny series in philosophy
942 ## - ADDED ENTRY ELEMENTS (KOHA)
Classification part R2133, M6
Koha item type Textual
Source of classification or shelving scheme Colon Classification (CC)
Holdings
Withdrawn status Lost status Damaged status Not for loan Home library Current library Date acquired Total Checkouts Full call number Barcode Date last seen Price effective from Koha item type
        Arts Library Arts Library 2022-09-18   R2133 M6 AL0866849 2022-09-18 2022-09-18 Textual
Copyright @ Delhi University Library System